[Event "HUN-chT2 Barcza 1819"]
[Site "Hungary"]
[Date "2019.03.31"]
[Round "10.8"]
[White "Toth, Janos"]
[Black "Duzs, Jozsef"]
[Result "1-0"]
[WhiteElo "2102"]
[BlackElo "1958"]
[PlyCount "83"]
[EventDate "2018.09.23"]
[EventType "team-tourn"]
[EventRounds "11"]
[EventCountry "HUN"]
[SourceTitle "EXT 2021"]
[Source "ChessBase"]
[SourceDate "2020.10.23"]
[SourceVersion "1"]
[SourceVersionDate "2020.10.23"]
[SourceQuality "1"]
[WhiteTeam "Hajduboszormeny"]
[BlackTeam "Edeleny"]
[WhiteTeamCountry "HUN"]
[BlackTeamCountry "HUN"]

1. d4 e6 2. Nf3 d5 3. c4 Nf6 4. Nc3 a6 5. cxd5 exd5 6. Bg5 Be7 7. e3 0-0 8. Be2 Nbd7 9. 0-0 Re8 10. a3 Nf8 11. b4 Ng6 12. Qb3 c6 13. a4 Qb6 14. b5 axb5 15. axb5 Rxa1 16. Rxa1 Ne4 17. Bxe7 Nxc3 18. Qxc3 Nxe7 19. Qc5 Qd8 20. Ra8 f6 21. Nh4 Qd7 22. h3 g6 23. Bg4 f5 24. Be2 Qe6 25. Nf3 Bd7 26. Ra7 b6 27. Qa3 cxb5 28. Ne5 b4 29. Qxb4 Nc6 30. Nxc6 Qxc6 31. Bf3 Be6 32. Ra6 Rb8 33. Qe7 Bf7 34. Ra7 Qe6 35. Qc7 Rc8 36. Qb7 Rc1+ 37. Kh2 Qd6+ 38. g3 Qe6 39. Ra8+ Kg7 40. Qb8 Kh6 41. Qf8+ Kg5 42. Qg7 1-0

[Event "HUN-chT2 Barcza 1819"]
[Site "Hungary"]
[Date "2019.02.24"]
[Round "8.6"]
[White "Toth, Janos"]
[Black "Szakaly, Balazs"]
[Result "1-0"]
[WhiteElo "2102"]
[BlackElo "2051"]
[PlyCount "93"]
[EventDate "2018.09.23"]
[EventType "team-tourn"]
[EventRounds "11"]
[EventCountry "HUN"]
[SourceTitle "CBM 189 Extra"]
[Source "ChessBase"]
[SourceDate "2019.06.03"]
[SourceVersion "1"]
[SourceVersionDate "2019.06.03"]
[SourceQuality "1"]
[WhiteTeam "Hajduboszormeny"]
[BlackTeam "Debrecen Sakkbaratok"]
[WhiteTeamCountry "HUN"]
[BlackTeamCountry "HUN"]

1. d4 d5 2. Nf3 e6 3. c4 c6 4. cxd5 exd5 5. Nc3 f5 6. Bg5 Nf6 7. e3 Bd6 8. Bd3 0-0 9. Qc2 g6 10. h4 Qe8 11. Bxf6 Rxf6 12. h5 Na6 13. a3 Nc7 14. hxg6 hxg6 15. Rd1 Ne6 16. Kd2 Rf7 17. g4 Nf4 18. gxf5 Nxd3 19. Qxd3 Bxf5 20. Qf1 Qe7 21. Nh4 Raf8 22. Nxf5 Rxf5 23. f4 c5 24. Ne2 Qg7 25. Qg2 cxd4 26. Nxd4 Bc5 27. Kc2 Bxd4 28. Rxd4 Rc8+ 29. Kb1 Rc5 30. Rg1 Kf7 31. Rgd1 Kg8 32. Rxd5 Rfxd5 33. Rxd5 Rxd5 34. Qxd5+ Kh7 35. e4 Qe7 36. e5 Kg7 37. e6 b6 38. Qe5+ Kg8 39. Ka2 Kh7 40. Kb3 Kg8 41. Kc4 Kh7 42. Kb5 Kg8 43. Ka6 Kh7 44. b4 b5 45. f5 gxf5 46. Qxf5+ Kh6 47. Qf4+ 1-0

[Event "HUN-chT2 Barcza 1718"]
[Site "Hungary"]
[Date "2018.05.06"]
[Round "11.8"]
[White "Toth, Janos"]
[Black "Kovacs, Istvan2222"]
[Result "1-0"]
[WhiteElo "2103"]
[BlackElo "1926"]
[PlyCount "79"]
[EventDate "2017.09.24"]
[EventType "team-tourn"]
[EventRounds "11"]
[EventCountry "HUN"]
[SourceTitle "EXT 2021"]
[Source "ChessBase"]
[SourceDate "2020.10.23"]
[SourceVersion "1"]
[SourceVersionDate "2020.10.23"]
[SourceQuality "1"]
[WhiteTeam "Hajduboszormeny"]
[BlackTeam "Debrecen Sakkiskola II"]
[WhiteTeamCountry "HUN"]
[BlackTeamCountry "HUN"]

1. d4 e6 2. Nf3 Nf6 3. Bg5 b6 4. e4 Be7 5. Bd3 Bb7 6. Nbd2 0-0 7. 0-0 c5 8. c3 d6 9. Qe2 Nc6 10. Rfd1 cxd4 11. cxd4 Nb4 12. Bb5 a6 13. Ba4 b5 14. Bb3 Rc8 15. a3 Nc6 16. Rac1 Na5 17. Rxc8 Bxc8 18. Ba2 d5 19. exd5 Nxd5 20. Bxe7 Nxe7 21. b4 Nac6 22. Ne4 Nd5 23. Qc2 Nce7 24. Bb1 g6 25. Ne5 Bb7 26. Nc5 Bc8 27. Qd2 Kg7 28. h4 Qd6 29. g3 Nf6 30. Ne4 Nxe4 31. Bxe4 Rd8 32. h5 Nf5 33. Nc6 Rd7 34. g4 Ne7 35. h6+ Kg8 36. Ne5 Rc7 37. Qg5 f5 38. Bf3 Bb7 39. Bxb7 Rxb7 40. Rc1 1-0

[Event "HUN-chT2 Barcza 1718"]
[Site "Hungary"]
[Date "2017.12.17"]
[Round "6.8"]
[White "Gunyecz, Zoltan"]
[Black "Toth, Janos"]
[Result "1/2-1/2"]
[WhiteElo "1964"]
[BlackElo "2103"]
[PlyCount "33"]
[EventDate "2017.09.24"]
[EventType "team-tourn"]
[EventRounds "11"]
[EventCountry "HUN"]
[SourceTitle "EXT 2021"]
[Source "ChessBase"]
[SourceDate "2020.10.23"]
[SourceVersion "1"]
[SourceVersionDate "2020.10.23"]
[SourceQuality "1"]
[WhiteTeam "Nyiregyhaza SISE"]
[BlackTeam "Hajduboszormeny"]
[WhiteTeamCountry "HUN"]
[BlackTeamCountry "HUN"]

1. d4 Nf6 2. c4 e6 3. Nf3 d5 4. cxd5 exd5 5. Nc3 Be7 6. Bg5 0-0 7. Qc2 Nbd7 8. e3 c6 9. Bd3 h6 10. Bh4 b6 11. 0-0 Bb7 12. Rfd1 Re8 13. Bg3 Nh5 14. Bh7+ Kh8 15. Ne5 Nxe5 16. Bxe5 Nf6 17. Bf5 1/2-1/2

[Event "HUN-chT2 Barcza 1718"]
[Site "Hungary"]
[Date "2017.10.29"]
[Round "3.6"]
[White "Toth, Janos"]
[Black "Gyorffy, Peter Pal"]
[Result "1-0"]
[WhiteElo "2103"]
[BlackElo "1974"]
[PlyCount "79"]
[EventDate "2017.09.24"]
[EventType "team-tourn"]
[EventRounds "11"]
[EventCountry "HUN"]
[SourceTitle "EXT 2021"]
[Source "ChessBase"]
[SourceDate "2020.10.23"]
[SourceVersion "1"]
[SourceVersionDate "2020.10.23"]
[SourceQuality "1"]
[WhiteTeam "Hajduboszormeny"]
[BlackTeam "Bajnok Sakkiskola"]
[WhiteTeamCountry "HUN"]
[BlackTeamCountry "HUN"]

1. d4 Nf6 2. Nf3 d5 3. Bg5 Ne4 4. Bf4 c5 5. e3 Bg4 6. c3 Qb6 7. Qb3 c4 8. Qxb6 axb6 9. Nbd2 Bxf3 10. gxf3 Nxd2 11. Kxd2 e6 12. a3 Nc6 13. Re1 Kd7 14. e4 Bd6 15. Bg3 b5 16. Bh3 Kc7 17. Rhg1 g6 18. Re2 f5 19. exd5 exd5 20. Bxd6+ Kxd6 21. Rge1 Kd7 22. f4 Rae8 23. Bg2 Rxe2+ 24. Rxe2 Ne7 25. Ke3 Rf8 26. Kf3 Rf6 27. Kg3 Re6 28. Re5 Rxe5 29. fxe5 g5 30. f4 h6 31. fxg5 hxg5 32. h4 gxh4+ 33. Kxh4 Ke6 34. Kg5 Nc8 35. Bh3 Ne7 36. Bg2 Nc8 37. Bf3 Nb6 38. Bd1 Nc8 39. Bc2 Ne7 40. Bb1 1-0

[Event "HUN-chT2 Barcza 1516"]
[Site "Hungary"]
[Date "2016.04.17"]
[Round "11.5"]
[White "Rakaczki, Csaba"]
[Black "Toth, Janos"]
[Result "1/2-1/2"]
[WhiteElo "2100"]
[BlackElo "2119"]
[PlyCount "116"]
[EventDate "2015.09.13"]
[EventType "team-tourn"]
[EventRounds "11"]
[EventCountry "HUN"]
[SourceTitle "EXT 2017"]
[Source "ChessBase"]
[SourceDate "2016.10.25"]
[SourceVersion "1"]
[SourceVersionDate "2016.10.25"]
[SourceQuality "1"]
[WhiteTeam "Debrecen Sakkbaratok"]
[BlackTeam "Hajduboszormeny"]
[WhiteTeamCountry "HUN"]
[BlackTeamCountry "HUN"]

1. e4 e5 2. Bc4 Nf6 3. d3 Be7 4. Nc3 0-0 5. f4 Nc6 6. Nf3 d6 7. f5 Na5 8. 0-0 a6 9. Bg5 c6 10. Bb3 Nxb3 11. axb3 Qc7 12. Qe1 b5 13. Bxf6 Bxf6 14. g4 g5 15. Qd2 h6 16. h4 Qe7 17. Kg2 Kg7 18. hxg5 Bxg5 19. Nxg5 Qxg5 20. Qxg5+ hxg5 21. Rh1 Bb7 22. Rh5 f6 23. Rah1 Rh8 24. Rxh8 Rxh8 25. Rxh8 Kxh8 26. b4 Kg7 27. Kf3 Kf7 28. Ne2 c5 29. c3 Ke7 30. Ke3 cxb4 31. cxb4 d5 32. Ng3 d4+ 33. Kd2 Bc6 34. Ne2 Kd6 35. Nc1 Bd7 36. Nb3 Bc8 37. Kc2 Bd7 38. Kb1 Bc8 39. Nd2 Bd7 40. Ka2 Be8 41. Ka3 Bf7 42. Nf3 Bg8 43. Nd2 Bf7 44. Nf1 Ke7 45. Ng3 Kf8 46. Nf1 Ke7 47. Nd2 Kd6 48. b3 Kc6 49. Ka2 Kd6 50. Kb2 Kc6 51. Kc1 Kd6 52. Kc2 Kc6 53. Nb1 Kd6 54. Nd2 Bg8 55. Nf1 Bf7 56. Ng3 Ke7 57. Kb2 Kf8 58. Kc2 Ke7 1/2-1/2

[Event "HUN-chT2 Barcza 1516"]
[Site "Hungary"]
[Date "2015.12.06"]
[Round "6.3"]
[White "Toth, Janos"]
[Black "Ligart, Tamas"]
[Result "0-1"]
[WhiteElo "2171"]
[BlackElo "2172"]
[PlyCount "90"]
[EventDate "2015.09.13"]
[EventType "team-tourn"]
[EventRounds "11"]
[EventCountry "HUN"]
[SourceTitle "CBM 170 Extra"]
[Source "ChessBase"]
[SourceDate "2016.02.25"]
[SourceVersion "1"]
[SourceVersionDate "2016.02.25"]
[SourceQuality "1"]
[WhiteTeam "Hajduboszormeny"]
[BlackTeam "Edeleny"]
[WhiteTeamCountry "HUN"]
[BlackTeamCountry "HUN"]

1. d4 Nf6 2. Nf3 g6 3. Bg5 Bg7 4. c3 d5 5. Nbd2 0-0 6. e3 Bf5 7. Qb3 Nbd7 8. Be2 c5 9. 0-0 c4 10. Qa3 h6 11. Bh4 Re8 12. h3 g5 13. Bg3 a6 14. Ne5 b5 15. Bf3 Qb6 16. Nxd7 Bxd7 17. Be5 a5 18. b3 Bc6 19. Qb2 Qa6 20. Rab1 Nd7 21. Bxg7 Kxg7 22. Qc2 e6 23. bxc4 bxc4 24. e4 Rab8 25. exd5 exd5 26. Qf5 Nf6 27. Rxb8 Rxb8 28. Re1 Rb2 29. Nf1 Bd7 30. Qe5 Qe6 31. Ng3 Rxa2 32. Nh5+ Kg6 33. Nxf6 Qxf6 34. Qxd5 Be6 35. Qa8 Kg7 36. d5 Bxh3 37. d6 Be6 38. Qa7 g4 39. Bc6 Rd2 40. Qc5 Qf4 41. d7 Bxd7 42. Bxd7 Rxd7 43. g3 Qf3 44. Qxa5 Rd5 45. Qb4 Rh5 0-1

[Event "HUN-chT2 Maroczy 1415"]
[Site "Hungary"]
[Date "2015.04.26"]
[Round "9"]
[White "Toth, Janos"]
[Black "Gyurkovics, Miklos"]
[Result "1/2-1/2"]
[WhiteElo "2174"]
[BlackElo "2171"]
[PlyCount "124"]
[EventDate "2014.10.12"]
[EventType "team-tourn"]
[EventRounds "9"]
[EventCountry "HUN"]
[SourceTitle "EXT 2016"]
[Source "ChessBase"]
[SourceDate "2015.10.08"]
[SourceVersion "1"]
[SourceVersionDate "2015.10.08"]
[SourceQuality "1"]
[WhiteTeam "Hajduboszormeny"]
[BlackTeam "Vasas"]
[WhiteTeamCountry "HUN"]
[BlackTeamCountry "HUN"]

1. d4 d6 2. Nf3 Bg4 3. e3 Nf6 4. Be2 Nbd7 5. h3 Bxf3 6. Bxf3 c6 7. 0-0 e5 8. c4 e4 9. Be2 d5 10. Nc3 dxc4 11. a4 Bb4 12. Bxc4 0-0 13. Qb3 a5 14. Rd1 Qe7 15. Bd2 Rac8 16. Rac1 Kh8 17. Na2 c5 18. Nc3 Nb6 19. Nb5 Nxc4 20. Rxc4 Qe6 21. Bxb4 cxb4 22. d5 Qe5 23. Rdd4 Rcd8 24. d6 Qe6 25. Qc2 Kg8 26. Rc5 Qa2 27. b3 Qxc2 28. Rxc2 Rfe8 29. Rc5 Nd7 30. Rc7 Re5 31. Rdc4 Nb6 32. R4c5 Rxc5 33. Rxc5 Kf8 34. f3 exf3 35. gxf3 f6 36. e4 g5 37. Rc7 Rd7 38. Kf2 Kf7 39. Rc5 h6 40. Kg3 Kg6 41. h4 Rd8 42. hxg5 hxg5 43. Rc7 Nc8 44. Rc5 Nxd6 45. Nxd6 Rxd6 46. Rxa5 Rd3 47. Rb5 Rxb3 48. Rxb7 Rb2 49. Rb6 b3 50. e5 Ra2 51. Rxf6+ Kg7 52. Rb6 Rxa4 53. Rxb3 Kf7 54. Rb6 Rf4 55. e6+ Kf6 56. Rb5 Ra4 57. e7 Kxe7 58. Rxg5 Kf6 59. f4 Ra1 60. Rb5 Ra8 61. Kf3 Re8 62. Ra5 Re1 1/2-1/2

[Event "HUN-chT2 Maroczy 1415"]
[Site "Hungary"]
[Date "2015.03.22"]
[Round "8"]
[White "Ondok, Laszlo"]
[Black "Toth, Janos"]
[Result "1/2-1/2"]
[WhiteElo "2191"]
[BlackElo "2174"]
[PlyCount "51"]
[EventDate "2014.10.12"]
[EventType "team-tourn"]
[EventRounds "9"]
[EventCountry "HUN"]
[SourceTitle "EXT 2016"]
[Source "ChessBase"]
[SourceDate "2015.10.08"]
[SourceVersion "1"]
[SourceVersionDate "2015.10.08"]
[SourceQuality "1"]
[WhiteTeam "Kisujszallas"]
[BlackTeam "Hajduboszormeny"]
[WhiteTeamCountry "HUN"]
[BlackTeamCountry "HUN"]

1. e4 e5 2. Nf3 Nc6 3. d4 exd4 4. Bc4 Nf6 5. 0-0 d6 6. Nxd4 Nxd4 7. Qxd4 Be7 8. Nc3 0-0 9. Bf4 a6 10. a4 Rb8 11. Rad1 Nh5 12. Be3 Bf6 13. Qd3 Bxc3 14. Qxc3 Qf6 15. Bd4 Qg6 16. f4 c5 17. Be3 Qxe4 18. Rxd6 b6 19. Be2 Nf6 20. Bf3 Qe7 21. Qe5 Qc7 22. Rfd1 Bb7 23. Bxb7 Rxb7 24. Qf5 h6 25. a5 Qe7 26. Qe5 1/2-1/2

[Event "HUN-chT2 Maroczy 1415"]
[Site "Hungary"]
[Date "2014.10.12"]
[Round "1"]
[White "Toth, Janos"]
[Black "Zelena, Tamas"]
[Result "1-0"]
[WhiteElo "2174"]
[BlackElo "1909"]
[PlyCount "73"]
[EventDate "2014.10.12"]
[EventType "team-tourn"]
[EventRounds "9"]
[EventCountry "HUN"]
[SourceTitle "EXT 2016"]
[Source "ChessBase"]
[SourceDate "2015.10.08"]
[SourceVersion "1"]
[SourceVersionDate "2015.10.08"]
[SourceQuality "1"]
[WhiteTeam "Hajduboszormeny"]
[BlackTeam "Miskolc KisBocsok"]
[WhiteTeamCountry "HUN"]
[BlackTeamCountry "HUN"]

1. d4 Nf6 2. Nf3 e6 3. Bg5 Be7 4. Nbd2 d5 5. e3 c5 6. c3 b6 7. Bd3 0-0 8. 0-0 Ba6 9. Bxa6 Nxa6 10. Ne5 Nb8 11. Bxf6 Bxf6 12. f4 Nd7 13. Nxd7 Qxd7 14. Rf3 cxd4 15. exd4 Qc7 16. Qe2 Rae8 17. Re1 a5 18. g3 g6 19. Re3 Rc8 20. Kg2 b5 21. a3 Qc6 22. h4 b4 23. axb4 axb4 24. h5 bxc3 25. bxc3 Kg7 26. Rh1 Ra8 27. g4 Rh8 28. h6+ Kf8 29. g5 Bd8 30. Nf3 Bc7 31. Ne5 Bxe5 32. fxe5 Ke7 33. Rf1 Qc4 34. Qf3 Raf8 35. Qf6+ Ke8 36. Ra1 Kd7 37. Ra7+ 1-0

[Event "HUN-chT2 Maroczy 1314"]
[Site "Hungary"]
[Date "2014.04.13"]
[Round "10"]
[White "Toth, Janos"]
[Black "Marjanovic, Annamaria"]
[Result "1/2-1/2"]
[WhiteElo "2157"]
[BlackElo "2027"]
[PlyCount "100"]
[EventDate "2013.09.08"]
[EventType "team-tourn"]
[EventRounds "11"]
[EventCountry "HUN"]
[SourceTitle "EXT 2016"]
[Source "ChessBase"]
[SourceDate "2015.10.08"]
[SourceVersion "1"]
[SourceVersionDate "2015.10.08"]
[SourceQuality "1"]
[WhiteTeam "Hajduboszormeny"]
[BlackTeam "Budapest Kobanya"]
[WhiteTeamCountry "HUN"]
[BlackTeamCountry "HUN"]

1. d4 f5 2. Nc3 Nf6 3. Bg5 d5 4. Bxf6 exf6 5. e3 Be6 6. Bd3 Nc6 7. Qf3 Qd7 8. a3 Nd8 9. Nge2 c6 10. h4 Nf7 11. Nf4 Nd6 12. Nxe6 Qxe6 13. Ne2 Ne4 14. Ng3 g6 15. h5 Bh6 16. hxg6 hxg6 17. Ne2 0-0-0 18. g3 g5 19. Bxe4 fxe4 20. Qg2 f5 21. 0-0-0 Bg7 22. Rxh8 Rxh8 23. Rh1 Rxh1+ 24. Qxh1 Qh6 25. Qxh6 Bxh6 26. a4 Kd7 27. b3 Ke6 28. c4 Bf8 29. Kd1 Bb4 30. Nc1 Bd6 31. Ne2 Bb4 32. Nc1 Kf6 33. Na2 a5 34. Nc1 Kg6 35. Ne2 b6 36. cxd5 cxd5 37. Ng1 Kh5 38. Ke2 Kg4 39. Kf1 f4 40. gxf4 gxf4 41. exf4 Kxf4 42. Ne2+ Kg4 43. Kg2 Bd2 44. Kf1 Kh3 45. Ng1+ Kg4 46. Ne2 Bb4 47. Kg2 Be1 48. Kf1 Bd2 49. Kg2 Bb4 50. Kf1 Bd2 1/2-1/2

[Event "HUN-chT2 Maroczy 1314"]
[Site "Hungary"]
[Date "2014.03.02"]
[Round "8"]
[White "Toth, Janos"]
[Black "Istvanovszky, Kalman"]
[Result "1-0"]
[WhiteElo "2157"]
[BlackElo "2318"]
[PlyCount "120"]
[EventDate "2013.09.08"]
[EventType "team-tourn"]
[EventRounds "11"]
[EventCountry "HUN"]
[SourceTitle "EXT 2016"]
[Source "ChessBase"]
[SourceDate "2015.10.08"]
[SourceVersion "1"]
[SourceVersionDate "2015.10.08"]
[SourceQuality "1"]
[WhiteTeam "Hajduboszormeny"]
[BlackTeam "Penzugyor II"]
[WhiteTeamCountry "HUN"]
[BlackTeamCountry "HUN"]

1. d4 Nf6 2. Nf3 g6 3. Bg5 Bg7 4. c3 d6 5. Nbd2 0-0 6. e4 c5 7. Bc4 Qc7 8. 0-0 Nc6 9. d5 Nb8 10. Qe2 h6 11. Bh4 Nbd7 12. h3 Rb8 13. a4 a6 14. Bg3 Ne5 15. Nxe5 dxe5 16. a5 Nh5 17. Bh2 Nf4 18. Qe3 Bd7 19. Rfc1 Qd6 20. Ra3 b5 21. axb6 Rxb6 22. b3 Rfb8 23. Rca1 Bc8 24. Ra5 h5 25. Qxc5 Qf6 26. Qe3 Bh6 27. Bxf4 Bxf4 28. Qd3 Bxh3 29. Qxh3 Bxd2 30. Rxa6 Rxa6 31. Rxa6 Qf4 32. Qd3 Be1 33. Ra2 Rb6 34. Rc2 Rf6 35. Qe2 Bxf2+ 36. Qxf2 Qg4 37. Qe2 Qg3 38. Rc1 Rf4 39. Qe1 Qg5 40. Rd1 Rg4 41. Qe2 Kg7 42. Rf1 f6 43. Rf3 f5 44. exf5 e4 45. f6+ exf6 46. Rh3 h4 47. Qf2 Rg3 48. Kh2 Rg4 49. Be2 Qe5+ 50. Kg1 Rf4 51. Qd4 Qd6 52. c4 g5 53. c5 Qd8 54. d6 Qa5 55. b4 Qa2 56. Qd1 g4 57. Rxh4 Qa3 58. Rxg4+ Rxg4 59. Bxg4 Qe3+ 60. Kh1 f5 1-0

[Event "HUN-chT2 Maroczy 1314"]
[Site "Hungary"]
[Date "2013.09.08"]
[Round "1"]
[White "Toth, Janos"]
[Black "Fekete, Albert"]
[Result "0-1"]
[WhiteElo "2157"]
[BlackElo "2265"]
[PlyCount "64"]
[EventDate "2013.09.08"]
[EventType "team-tourn"]
[EventRounds "11"]
[EventCountry "HUN"]
[SourceTitle "EXT 2016"]
[Source "ChessBase"]
[SourceDate "2015.10.08"]
[SourceVersion "1"]
[SourceVersionDate "2015.10.08"]
[SourceQuality "1"]
[WhiteTeam "Hajduboszormeny"]
[BlackTeam "Kisujszallas"]
[WhiteTeamCountry "HUN"]
[BlackTeamCountry "HUN"]

1. d4 Nf6 2. Nf3 g6 3. Bg5 Bg7 4. c3 h6 5. Bh4 d6 6. Nbd2 0-0 7. e4 c6 8. Bc4 Nh5 9. 0-0 Qc7 10. Qb3 e5 11. a4 Nf4 12. Rad1 a6 13. dxe5 dxe5 14. Qa2 g5 15. Bg3 Nd7 16. Rfe1 Nc5 17. b4 Nce6 18. Nf1 Bf6 19. Ne3 Ng7 20. Rd2 h5 21. h3 Ng6 22. Red1 Be7 23. Bb3 Nf4 24. Nc4 Bf6 25. Rd6 Ne8 26. Rxf6 Nxf6 27. Ncxe5 Nxe4 28. Bxf4 gxf4 29. Nxf7 Rxf7 30. Ne5 Qxe5 31. Rd8+ Kg7 32. Bxf7 Be6 0-1

[Event "HUN-chT2 Barcza 1213"]
[Site "Hungary"]
[Date "2013.04.21"]
[Round "11.6"]
[White "Peczeli, Zoltan"]
[Black "Toth, Janos"]
[Result "0-1"]
[WhiteElo "1976"]
[BlackElo "2123"]
[PlyCount "92"]
[EventDate "2012.09.16"]
[EventType "team-tourn"]
[EventRounds "11"]
[EventCountry "HUN"]
[SourceTitle "EXT 2014"]
[Source "ChessBase"]
[SourceDate "2013.11.20"]
[SourceVersion "1"]
[SourceVersionDate "2013.11.20"]
[SourceQuality "1"]
[WhiteTeam "Piremon"]
[BlackTeam "Hajduboszormeny"]
[WhiteTeamCountry "HUN"]
[BlackTeamCountry "HUN"]

1. Nf3 d5 2. c4 e6 3. g3 Nf6 4. Bg2 Be7 5. b3 0-0 6. 0-0 b6 7. d4 Bb7 8. Nc3 Nbd7 9. Ne5 c5 10. cxd5 exd5 11. Ba3 Rc8 12. Rc1 Re8 13. e3 cxd4 14. Bxe7 Qxe7 15. Nxd7 dxc3 16. Nxf6+ Qxf6 17. Qf3 Qe5 18. Qf4 Qxf4 19. gxf4 a5 20. Rfd1 Rc5 21. Rd4 Rec8 22. b4 axb4 23. Rxb4 b5 24. Bf1 Bc6 25. Bd3 h6 26. Bc2 Kf8 27. Kf1 Ke7 28. Ke1 g5 29. fxg5 hxg5 30. Bd3 Rh8 31. Rb3 b4 32. Rxb4 Rxh2 33. Ke2 Bd7 34. Bc2 g4 35. Rg1 Ra5 36. a4 Kd6 37. Rb7 Bxa4 38. Bxa4 Rxa4 39. Rxf7 Rc4 40. Ra7 c2 41. Raa1 g3 42. Rgf1 Kc5 43. Rac1 Kb4 44. Kf3 Rxf2+ 45. Rxf2 gxf2 46. Kxf2 Kc3 0-1

[Event "HUN-chT2 Barcza 1213"]
[Site "Hungary"]
[Date "2012.11.18"]
[Round "4.4"]
[White "Kiss, Sandor"]
[Black "Toth, Janos"]
[Result "0-1"]
[WhiteElo "2019"]
[BlackElo "2123"]
[PlyCount "70"]
[EventDate "2012.09.16"]
[EventType "team-tourn"]
[EventRounds "11"]
[EventCountry "HUN"]
[SourceTitle "EXT 2014"]
[Source "ChessBase"]
[SourceDate "2013.11.20"]
[SourceVersion "1"]
[SourceVersionDate "2013.11.20"]
[SourceQuality "1"]
[WhiteTeam "Tiszavasvar"]
[BlackTeam "Hajduboszormeny"]
[WhiteTeamCountry "HUN"]
[BlackTeamCountry "HUN"]

1. e4 e5 2. Nf3 Nc6 3. Bb5 a6 4. Ba4 Nf6 5. 0-0 b5 6. Bb3 Bc5 7. c3 d6 8. d4 Bb6 9. dxe5 dxe5 10. Qe2 Qe7 11. Bg5 h6 12. Bh4 Na5 13. Bd5 c6 14. b4 cxd5 15. bxa5 Bxa5 16. exd5 0-0 17. Qxe5 Qxe5 18. Nxe5 Nxd5 19. c4 Bc7 20. Nd2 Bxe5 21. cxd5 Bxa1 22. Rxa1 g5 23. Bg3 Rd8 24. Ne4 f5 25. Bc7 fxe4 26. Bxd8 Bb7 27. Be7 Bxd5 28. a4 Kf7 29. Bc5 Rc8 30. Be3 b4 31. a5 b3 32. Rc1 b2 33. Rxc8 b1Q+ 34. Rc1 Qa2 35. Bb6 e3 0-1

[Event "HUN-chT2 Barcza 1112 "]
[Site "Hungary"]
[Date "2012.05.06"]
[Round "10"]
[White "Toth, Janos"]
[Black "Toth, Tamas"]
[Result "1-0"]
[WhiteElo "2109"]
[BlackElo "2004"]
[PlyCount "99"]
[EventDate "2011.09.25"]
[EventType "team-tourn"]
[EventRounds "11"]
[EventCountry "HUN"]
[SourceTitle "EXT 2013"]
[Source "ChessBase"]
[SourceDate "2012.11.22"]
[SourceVersion "1"]
[SourceVersionDate "2012.11.22"]
[SourceQuality "1"]
[WhiteTeam "Hajduboszormeny"]
[BlackTeam "Sarospatak"]
[WhiteTeamCountry "HUN"]
[BlackTeamCountry "HUN"]

1. d4 Nf6 2. Nf3 d5 3. Bg5 c6 4. c3 Nbd7 5. Nbd2 Qc7 6. e3 g6 7. Be2 Bg7 8. 0-0 0-0 9. Bf4 Qb6 10. Qc2 Nh5 11. Bg5 Re8 12. c4 Nhf6 13. c5 Qc7 14. Bf4 Qd8 15. h3 h6 16. b4 Nh7 17. Qc3 g5 18. Bg3 Nhf6 19. Bd3 g4 20. hxg4 Nxg4 21. Bf5 Ndf6 22. Bc2 Nh5 23. Bh4 Qc7 24. Qd3 f5 25. Rab1 e5 26. dxe5 Nxe5 27. Nxe5 Qxe5 28. Nf3 Qe4 29. b5 Bd7 30. Qd2 Qg4 31. Rb4 Qg6 32. bxc6 Qxc6 33. Nd4 Qxc5 34. Rxb7 Bc8 35. Rb5 Qd6 36. Rxd5 Qf8 37. Nxf5 Nf6 38. Nxg7 Qxg7 39. Bxf6 Qxf6 40. Rd6 Re6 41. Bb3 Kg7 42. Bxe6 Bxe6 43. Rc1 Re8 44. Rc7+ Kg8 45. Qd4 Qg5 46. Rcc6 Qf5 47. e4 Qg4 48. Rxe6 Rxe6 49. Qd5 Kf7 50. Qxe6+ 1-0

[Event "HUN-chT2 Barcza 1112 "]
[Site "Hungary"]
[Date "2012.04.22"]
[Round "9"]
[White "Toth, Janos"]
[Black "Bai, Attila"]
[Result "1-0"]
[WhiteElo "2109"]
[BlackElo "2222"]
[PlyCount "81"]
[EventDate "2011.09.25"]
[EventType "team-tourn"]
[EventRounds "11"]
[EventCountry "HUN"]
[SourceTitle "EXT 2013"]
[Source "ChessBase"]
[SourceDate "2012.11.22"]
[SourceVersion "1"]
[SourceVersionDate "2012.11.22"]
[SourceQuality "1"]
[WhiteTeam "Hajduboszormeny"]
[BlackTeam "Edeleny"]
[WhiteTeamCountry "HUN"]
[BlackTeamCountry "HUN"]

1. d4 Nf6 2. Nf3 c5 3. c3 e6 4. Bg5 b6 5. e4 h6 6. Bxf6 Qxf6 7. Bd3 Bb7 8. Nbd2 cxd4 9. Nxd4 Nc6 10. Nxc6 Bxc6 11. 0-0 g5 12. Qe2 Bg7 13. Nc4 0-0 14. e5 Qe7 15. Bc2 f6 16. exf6 Bxf6 17. Rad1 Bb5 18. Bd3 d5 19. Ne3 Bxd3 20. Rxd3 Rae8 21. Ng4 Qg7 22. Re1 h5 23. Ne3 Qf7 24. Nf1 Re7 25. Ng3 h4 26. Nf1 Rfe8 27. Ne3 Kh8 28. Ng4 Qg7 29. Rf3 Rf8 30. Re3 d4 31. cxd4 Bxd4 32. Rxe6 Rxe6 33. Qxe6 Bxb2 34. Qd6 Bd4 35. Re7 Bc5 36. Rxg7 Bxd6 37. Rxg5 Rc8 38. g3 hxg3 39. hxg3 Rc2 40. Kg2 Rxa2 41. Nf6 1-0

[Event "HUN-chT2 Barcza 1112 "]
[Site "Hungary"]
[Date "2012.03.25"]
[Round "8"]
[White "Toth, Janos"]
[Black "Csema, Tamas"]
[Result "0-1"]
[WhiteElo "2109"]
[BlackElo "2017"]
[PlyCount "78"]
[EventDate "2011.09.25"]
[EventType "team-tourn"]
[EventRounds "11"]
[EventCountry "HUN"]
[SourceTitle "EXT 2013"]
[Source "ChessBase"]
[SourceDate "2012.11.22"]
[SourceVersion "1"]
[SourceVersionDate "2012.11.22"]
[SourceQuality "1"]
[WhiteTeam "Hajduboszormeny"]
[BlackTeam "DEAC"]
[WhiteTeamCountry "HUN"]
[BlackTeamCountry "HUN"]

1. d4 e6 2. Nf3 d5 3. c4 Nf6 4. Bg5 c6 5. Bxf6 Qxf6 6. e3 Bd6 7. Nc3 Nd7 8. Be2 0-0 9. e4 dxe4 10. Nxe4 Bb4+ 11. Nc3 e5 12. 0-0 exd4 13. Nxd4 Bxc3 14. bxc3 Nc5 15. Qc2 Re8 16. Rfe1 Be6 17. Rab1 Rad8 18. Bf1 Bg4 19. Be2 Bxe2 20. Rxe2 Rxe2 21. Qxe2 h6 22. h3 Na4 23. Qc2 Nxc3 24. Qxc3 Rxd4 25. Qg3 Rxc4 26. Rxb7 Rc1+ 27. Kh2 Rc2 28. Rxa7 Rxf2 29. a4 h5 30. Rc7 h4 31. Rc8+ Kh7 32. Qd3+ g6 33. Qe4 Qd6+ 34. Kg1 Rf4 35. Qe8 Kh6 36. Rxc6 Qd4+ 37. Kh2 Rf1 38. Qf8+ Kh7 39. Qc5 Qf4+ 0-1

[Event "HUN-chT2 Barcza 1112 "]
[Site "Hungary"]
[Date "2011.11.27"]
[Round "4"]
[White "Toth, Janos"]
[Black "Nagy, Sandor"]
[Result "1/2-1/2"]
[WhiteElo "2109"]
[BlackElo "2087"]
[PlyCount "42"]
[EventDate "2011.09.25"]
[EventType "team-tourn"]
[EventRounds "11"]
[EventCountry "HUN"]
[SourceTitle "EXT 2013"]
[Source "ChessBase"]
[SourceDate "2012.11.22"]
[SourceVersion "1"]
[SourceVersionDate "2012.11.22"]
[SourceQuality "1"]
[WhiteTeam "Hajduboszormeny"]
[BlackTeam "Debrecen Betu"]
[WhiteTeamCountry "HUN"]
[BlackTeamCountry "HUN"]

1. d4 Nf6 2. Nf3 g6 3. Bg5 Bg7 4. c3 0-0 5. Nbd2 d6 6. e4 Bg4 7. Bc4 h6 8. Bh4 Nc6 9. h3 Bd7 10. 0-0 Nh5 11. b4 a6 12. a4 g5 13. Bg3 Nxg3 14. fxg3 e5 15. b5 Na5 16. Bd3 c5 17. dxe5 dxe5 18. Qe2 g4 19. hxg4 axb5 20. axb5 Bxg4 21. Qe3 Be6 1/2-1/2